Schaum's outline of theory & problems of statistics (Record no. 7840)

000 -LEADER
fixed length control field 00549nam a2200205 4500
001 - CONTROL NUMBER
control field 7840
003 - CONTROL NUMBER IDENTIFIER
control field BD-DhUET
008 - FIXED-LENGTH DATA ELEMENTS--GENERAL INFORMATION
fixed length control field 141213b/xxu||||| |||| 00| 0 eng d
020 ## - INTERNATIONAL STANDARD BOOK NUMBER
International Standard Book Number 070602271
040 ## - CATALOGING SOURCE
Original cataloging agency DLC
Language of cataloging DLC
Transcribing agency BD-DhUET
082 ## - DEWEY DECIMAL CLASSIFICATION NUMBER
Classification number 519.9
Item number SPI/1961
100 ## - MAIN ENTRY--PERSONAL NAME
Personal name Spiegel , Murray R
245 ## - TITLE STATEMENT
Title Schaum's outline of theory & problems of statistics
250 ## - EDITION STATEMENT
Edition statement 1st ed.
260 ## - PUBLICATION, DISTRIBUTION, ETC. (IMPRINT)
Place of publication, distribution, etc. Singapore
Name of publisher, distributor, etc. McGraw Hill
Date of publication, distribution, etc. 1961
300 ## - PHYSICAL DESCRIPTION
Extent 359 p.
Other physical details ill.
Dimensions 27 cm.
490 ## - SERIES STATEMENT
Series statement Schaum's Outline Series
650 #0 - SUBJECT ADDED ENTRY--TOPICAL TERM
Topical term or geographic name as entry element Statistical mathematics
942 ## - ADDED ENTRY ELEMENTS (KOHA)
Koha item type General Book
Holdings
Date acquired Source of classification or shelving scheme Copy number Price effective from Not for loan Koha date last seen Piece designation (barcode) Koha date last borrowed Koha issues (times borrowed) Withdrawn status Koha item type Damaged status Shelving location Lost status Sublocation or collection (holding branch) Koha normalized classification for sorting Koha full call number Location (home branch)
2014-12-13 12014-12-13 2015-08-2225219   General Book Circulation section Central Library, BUET519_900000000000000_SPI_1961519.9/SPI/1961Central Library, BUET
2014-12-13 22014-12-13 2017-02-0666184   General Book Circulation section Central Library, BUET519_900000000000000_SPI_1961519.9/SPI/1961Central Library, BUET
2014-12-13 32014-12-13 2014-12-13345   General Book Circulation section Central Library, BUET519_900000000000000_SPI_1961519.9/SPI/1961Central Library, BUET
2014-12-13 52014-12-13 2015-08-01564832015-08-011 General Book Circulation section Central Library, BUET519_900000000000000_SPI_1961519.9/SPI/1961Central Library, BUET
2014-12-13 62014-12-13 2014-12-1331847   General Book Circulation section Central Library, BUET519_900000000000000_SPI_1961519.9/SPI/1961Central Library, BUET
2014-12-13 72014-12-13 2014-12-1331828   General Book Circulation section Central Library, BUET519_900000000000000_SPI_1961519.9/SPI/1961Central Library, BUET
2014-12-13 82014-12-13 2014-12-1331843   General Book Circulation section Central Library, BUET519_900000000000000_SPI_1961519.9/SPI/1961Central Library, BUET